书目信息 |
| 题名: |
教育方法论
|
|
| 作者: | 杨春鼎 主编 | |
| 分册: | ||
| 出版信息: | 北京 人民教育出版社 2000 |
|
| 页数: | 11,296页 | |
| 开本: | 21cm | |
| 丛书名: | 当代大教育论丛书 | |
| 单 册: | ||
| 中图分类: | G40-032 | |
| 科图分类: | ||
| 主题词: | 教育学--方法论--研究 , 教育学 , 方法论 | |
| 电子资源: | ||
| ISBN: | 7-107-13517-1 | |
| 000 | 00969oam2 2200277 450 | |
| 001 | 1532793019 | |
| 005 | 20150129090647.87 | |
| 010 | @a7-107-13517-1@b精装@dCNY26.80 | |
| 100 | @a20010613d2000 kemy0chiy0110 ea | |
| 101 | 0 | @achi |
| 102 | @aCN@b110000 | |
| 105 | @ay z 000yy | |
| 200 | 1 | @a教育方法论@9jiao yu fang fa lun@f杨春鼎主编 |
| 210 | @a北京@c人民教育出版社@d2000 | |
| 215 | @a11,296页@d21cm | |
| 225 | 2 | @a当代大教育论丛书@v5 |
| 300 | @a教育部“九五”规划重点图书 人民教育出版社资助出版 | |
| 330 | @a本书深入论述了必须建立新的教育方法论理论,使之适应中国教育改革与发展需要的必要性,并论述了教育方法论的产生、理论结构、特性,原则以及在教育方法论的指导下,如何施教、学习与管理等基本理论和方法问题。 | |
| 461 | 0 | @12001 @a当代大教育论丛书 |
| 606 | 0 | @a教育学@x方法论@x研究 |
| 606 | 0 | @a教育学 |
| 606 | 0 | @a方法论 |
| 690 | @aG40-032@v5 | |
| 701 | 0 | @a杨春鼎@9yang chun ding@4主编 |
| 801 | 0 | @aCN@bTSSF@c20150129 |
| 905 | @aZUCC@dG40-032@eJY2 | |
| 教育方法论/杨春鼎主编.-北京:人民教育出版社,2000 |
| 11,296页;21cm.-(当代大教育论丛书;5) |
| 教育部“九五”规划重点图书 人民教育出版社资助出版 |
| ISBN 7-107-13517-1(精装):CNY26.80 |
| 本书深入论述了必须建立新的教育方法论理论,使之适应中国教育改革与发展需要的必要性,并论述了教育方法论的产生、理论结构、特性,原则以及在教育方法论的指导下,如何施教、学习与管理等基本理论和方法问题。 |
| ● |
| 相关链接 |
|
|
|
|
正题名:教育方法论
索取号:G40-032/JY2
 
预约/预借
| 序号 | 登录号 | 条形码 | 馆藏地/架位号 | 状态 | 备注 |
| 1 | 7859334 | 278593345 | 学院路分馆/ [索取号:G40-032/JY2] | 在馆 |